000 00750nam a2200277 i 4500
001 C2-0330457
003 PPAK
005 20180728131105.0
008 150419s2010 my |||| ||||| | may d
020 _a9789834452209
040 _aPPAK
_beng
_cPPAK
_erda
082 0 4 _a899.233
_223
090 0 0 _a899.233
_bHAS
_dK
100 0 _aHashim Latiff,
_eauthor
245 1 0 _aLeftenan Hambali
264 1 _aKota Bahru, Kelantan :
_bHaza Publications ,
_c2010
300 _a60 pages ;
_c20 cm
336 _2rdacontent
_atext
337 _2rdamedia
_aunmediated
338 _2rdacarrier
_avolume
490 1 _aSiri 1 Malaysia
500 _aIncludes glossary
650 1 0 _aChildren's stories, Malay.
830 0 _aSiri 1 Malaysia
942 _ddc
_cB
999 _c129324
_d129324